|
|
|
|
| LEADER |
00000nab a2200000 a 4500 |
| 001 |
vtls000381164 |
| 003 |
SK-MaSNL |
| 005 |
20260302235337.0 |
| 008 |
111202c1990 xo 0 slo |
| 015 |
|
|
|a SNBRB19rr/mm-uuuuu
|
| 035 |
|
|
|a CL0381286
|
| 040 |
|
|
|a SNKBUCL
|b slo
|c SNKBUCL
|e AACR2
|
| 041 |
0 |
|
|a slo
|
| 044 |
|
|
|a xo
|c SK
|
| 080 |
|
|
|a 069.6.02(1-4):394.268
|2 1981
|
| 080 |
|
|
|a 394.268
|2 1981
|
| 100 |
1 |
|
|a Bednářová, Katarína
|4 aut
|9 467882
|
| 245 |
1 |
0 |
|a Z minulosti do prítomnosti
|b Vydarený Medzinárodný deň múzeí a galérií
|c Katarína Bednářová
|
| 650 |
0 |
7 |
|a Medzinárodný deň múzeí a galérií
|2 snkbucl
|9 971878
|
| 651 |
|
7 |
|a 5403
|2 snkbucl
|9 893808
|
| 655 |
|
7 |
|a články z novín a časopisov
|2 snkbucl
|9 267496
|
| 773 |
0 |
|
|t Večer
|g Roč. 22, č. 97 (21. 5. 1990), s. /1/
|
| 850 |
|
|
|a Slovenská národná knižnica v Martine
|a MTA001
|
| 852 |
|
|
|a SNK
|b KIS3GCP
|
| 958 |
|
|
|a RK
|
| 992 |
|
|
|a RBX
|
| 999 |
|
|
|c 1554317
|d 1556247
|